000
00306pab a2200133 454500
008
180718b1986 xxu||||| |||| 00| 0 eng d
245
_a
Housing finance
_b
An urban Priority
260
_c
1986
300
_a
1-3,6
362
_a
Oct.
650
_a
Housing - Finance
773
_a
Urban -Finance
909
_a
9879
999
_c
9879
_d
9879